|
|
|
|
| LEADER |
00000nab a2200000 a 4500 |
| 001 |
vtls008697872 |
| 003 |
SK-MaSNL |
| 005 |
20260304144547.0 |
| 008 |
250505c2006 xo zr|p|||||||000 b|slo |
| 015 |
|
|
|a SNBRB2006/05
|2 snkbucl
|
| 035 |
|
|
|a (uuid)ca7bc17e-6eea-4bc2-ac19-c8faa66c2e60
|
| 035 |
|
|
|a urn:nbn:sk:snk-ab20o0
|
| 035 |
|
|
|a (urnnbn)urn:nbn:sk:snk:ar-a01dal
|
| 038 |
|
|
|a SNKBUCL
|
| 040 |
|
|
|a SNKBUCL
|b slo
|c SNKBUCL
|e AACR2
|
| 041 |
0 |
|
|a slo
|
| 044 |
|
|
|a xo
|c SK
|
| 080 |
|
|
|a 78.071.1
|x (048)
|2 2001
|
| 100 |
1 |
|
|a Ursínyová, Terézia,
|d 1942-
|4 aut
|9 103725
|
| 245 |
1 |
0 |
|a Danica Štilichová-Suchoňová: Život plný hudby
|b hudobný skladateľ Eugen Suchoň (1908-1993) v spomienkach
|c Terézia Ursínyová
|
| 600 |
1 |
7 |
|a Suchoň, Eugen,
|d 1908-1993
|2 snkbucl
|9 107916
|
| 655 |
|
7 |
|a recenzie
|2 snkbucl
|9 21907
|
| 740 |
0 |
2 |
|a Hudobný skladateľ Eugen Suchoň 1908-1993 v spomienkach
|
| 773 |
0 |
|
|t Hudobný život
|g Roč. XXXVIII, č. 4 (2006), s. 34
|x 1335-4140
|
| 787 |
0 |
8 |
|i Rec.:
|a Štilichová, Danica, 1949-
|t Život plný hudby : hudobný skladateľ Eugen Suchoň 1908-1993 v spomienkach
|d Bratislava : Mladé letá, 2005
|z 8010008524
|
| 850 |
|
|
|a Slovenská národná knižnica
|
| 852 |
|
|
|a Slovenská národná knižnica
|
| 954 |
|
|
|a odborná, vedecká literatúra pôvodná (slovenská)
|2 lita
|
| 958 |
|
|
|a article27
|
| 958 |
|
|
|a OND
|
| 958 |
|
|
|a RC
|
| 958 |
|
|
|a SK
|
| 958 |
|
|
|a EUIPO
|
| 999 |
|
|
|c 2931985
|d 2933915
|